| 000 | 00410cam a2200157ua 4500 | ||
|---|---|---|---|
| 041 |
_aeng _h |
||
| 082 |
_a410 _bJES/LA |
||
| 100 | _aJespersen, Otto . | ||
| 245 |
_aLanguage its nature, development and origin / _cOtto Jespersen. _hTextual Documents |
||
| 250 |
_a1 / _b. |
||
| 260 |
_aLondon : _bGeorge Allen & Unwin Ltd , _c1964. |
||
| 300 | _a448 ; . | ||
| 504 | _a | ||
| 942 | _cBK | ||
| 999 |
_c7768 _d7768 |
||